000 01086nam a2200325 a 4500
001 vtls000189724
003 NLI
005 20210602111619.0
008 101125s2000 enka 001 0 eng
020 _a0415171385 :
_cPND 50.00
039 9 _y201011252247
_zVLOAD
040 _aNLI
_beng
_cDatasoft 1
_eAACR2
041 0 _aeng
044 _aenk
082 0 4 _a320.54
100 1 _aBrown, David,
_d1945-
_9319160
245 1 0 _aContemporary nationalism :
_bcivic, ethnocultural and multicultural politics /
_cDavid Brown
260 _aLondon :
_bRoutledge,
_cc2000
300 _aviii, 198 p. :
_bill. ;
_c24 cm.
504 _aIncludes bibliographical references and index
650 0 _aNationalism
_92697
650 0 _aEthnicity
_928085
650 0 _aEthnic relations
_xPolitical aspects
_9206392
887 _a
901 _a538141
_b15.05.2001
902 _aE 320.54 B 812
942 _2ddc
_cBKS
949 _AVIRTUAITEM
_D10000
_X100
_6PUR000538141ENG
999 _aVIRTUA40
_c192525
_d192525
999 _aVTLSSORT0080*0200*0400*0410*0440*0820*1000*2450*2600*3000*5040*6500*6501*6502*9010*9020*9490*9991